Biblioteca

Searching for an adequate God (Registro nro. 68427)

Detalles MARC
000 -LÍDER
Campo fijo de descripción fija 02257pam a2200409 i 4500
001 - NÚMERO DE CONTROL
Campo de control 768714001
003 - IDENTIFICADOR DEL NÚMERO DE CONTROL
Campo de control CO-MdFUSB
005 - FECHA Y HORA DE LA ULTIMA TRANSACCIÓN
control field 20240531062753.0
007 - CAMPO FIJO DE DESCRIPCIÓN FIJA--INFORMACIÓN GENERAL
Campo fijo de descripción fija ta
008 - ELEMENTOS DE LONGITUD FIJA -- INFORMACIÓN GENERAL
Campo fijo de descripción fija -- Información general 000228t20002000miu b 001 0 eng
020 ## - NÚMERO INTERNACIONAL NORMALIZADO PARA LIBROS
Número Internacional Normalizado del libro 0802847390
040 ## - FUENTE DE CATALOGACIÓN
Agencia de catalogación original DLC
Idioma de catalogación spa
Agencia que realiza la transcripción CO-MdFUSB
Agencia que realiza la modificación OrLoB-B
Convenciones de la descripción rda
041 ## - CÓDIGO DE IDIOMA
Código de idioma para texto/pista de sonido o título separado eng
082 ## - NÚMERO DE CLASIFICACIÓN DECIMAL DEWEY
Número de la edición del Dewey 23
Número de clasificación 231.044
Clave de autor-Numero de item G851
100 ## - ASIENTO PRINCIPAL--NOMBRE PERSONAL
Nombre personal Griffin, David Ray,
Término relacionador autor
245 00 - TÍTULO
Título del Material Searching for an adequate God
Parte restante del título - Subtitulo : a dialogue between process and free will theists
Mención de responsabilidad, etc. / David Ray Griffin , Nancy R. Howell , David L. Wheeler , Richard Rice , William Hasker ; editado por John B. Cobb, Jr. , Clark H. Pinnock
264 #1 - PRODUCCIÓN, PUBLICACIÓN, DISTRIBUCIÓN, MANUFACTURA, Y COPYRIGHT
Lugar de producción, publicación, distribución, manufactura Grand Rapids, Michigan :
Nombre del productor, publicador, distribuidor W.B. Eerdmans Pub.,
Fecha de producción, publicación, distribución, manufactura, o copyright [2000]
264 #4 - PRODUCCIÓN, PUBLICACIÓN, DISTRIBUCIÓN, MANUFACTURA, Y COPYRIGHT
Fecha de producción, publicación, distribución, manufactura, o copyright ©2000
300 ## - DESCRIPCIÓN FÍSICA
Extensión xiv, 269 pages ;
Dimensiones 23 cm
336 ## - TIPO DE CONTENIDO
Fuente rdacontent.
Código de tipo de contenido txt
Término de tipo de contenido texto
337 ## - TIPO DE MEDIO
Fuente rdamedia.
Nombre del tipo de medio sin mediación
Código del tipo de medio n
338 ## - TIPO DE SOPORTE
Código Tipo de soporte nc
Fuente rdacarrier.
Nombre del tipo de soporte volumen
504 ## - NOTA DE BIBLIOGRAFÍA, ETC.
Nota de bibliografía, etc Includes bibliographical references and index.
505 ## - NOTA DE CONTENIDO
Nota de contenido con formato preestablecido La teología del proceso y las buenas noticias cristianas: una respuesta al teísmo clásico del libre albedrío / David Ray Griffin -- Una respuesta a David Ray Griffin / William Hasker -- Apertura y teísmo del proceso: respetando la integridad de los dos puntos de vista / Nancy R. Howell -- En respuesta a Nancy Howell / David L. Wheeler -- En respuesta a Nancy Howell / Richard Rice -- Comunidades confesionales y cosmovisiones públicas: un estudio de caso / David L. Wheeler -- En respuesta a David L. Wheeler / Nancy R. Howell -- En respuesta a David L. Wheeler / Richard Rice -- El teísmo del proceso y la visión abierta de Dios: la diferencia crucial / Richard Rice -- En respuesta a Richard Rice / Nancy R. Howell -- En respuesta a Richard Rice / David L. Wheeler -- Un Dios adecuado / William Hasker -- Una respuesta a William Hasker / David Ray Griffin
563 ## - NOTA DE ENCUADERNACIÓN
Nota de encuadernación Rústico
650 #7 - ASIENTO SECUNDARIO DE MATERIA - TERMINO TEMÁTICO
Término temático o nombre geográfico como elemento de entrada Cristianismo
Fuente del encabezamiento o término
9 (RLIN) 22
650 #7 - ASIENTO SECUNDARIO DE MATERIA - TERMINO TEMÁTICO
Término temático o nombre geográfico como elemento de entrada Dios
9 (RLIN) 178
700 ## - ASIENTO SECUNDARIO - NOMBRE PERSONAL
Nombre personal Howell, Nancy R.,
9 (RLIN) 7848
Responsabilidad autor
700 ## - ASIENTO SECUNDARIO - NOMBRE PERSONAL
Nombre personal Wheeler, David L.,
9 (RLIN) 7849
Responsabilidad autor
700 ## - ASIENTO SECUNDARIO - NOMBRE PERSONAL
Nombre personal Rice, Richard,
9 (RLIN) 7850
Responsabilidad autor
700 ## - ASIENTO SECUNDARIO - NOMBRE PERSONAL
Nombre personal Hasker, William,
9 (RLIN) 7851
Responsabilidad autor
700 1# - ASIENTO SECUNDARIO - NOMBRE PERSONAL
Nombre personal Cobb, John B.
Responsabilidad editor
700 1# - ASIENTO SECUNDARIO - NOMBRE PERSONAL
Nombre personal Pinnock, Clark H.,
Fechas asociadas con el nombre 1937-
Responsabilidad editor
942 ## - TIPO DE MATERIAL (KOHA)
Tipo de Item KOHA Libros General
945 ## - INFORMACIÓN LOCAL DEL REGISTRO
Catalogador JTF-925
Existencias
Estado de Material Estado de Perdido Forma de Clasificación Estado de Dañado No para Préstamo Colección Biblioteca de Origen Biblioteca Permanente Fecha de Adquisición Área Total de Préstamos Signatura Topográfica Código de Barras Última vez visto Ejemplar/Existencia Fecha de Remplazo Tipo de Material
    Dewey Decimal Classification     Colección General Biblioteca FUSBC Biblioteca FUSBC 20/02/2023 TEOLOGÍA CRISTIANA   G 231.044 G851s 24451 20/02/2023 Ej. 1 20/02/2023 Libros General

Biblioteca FUSBC | Teléfono: (57+4) 349 88 10 Ext. 141| WhatsApp (+57) 3005338115 
E-mail: biblioteca@unisbc.edu.co | Calle 76 87-14 Robledo Palenque, Medellín, Colombia

Con tecnología Koha